[Event "Junior Online 4NCL Division 5"]
[Site "online"]
[Date "2021.03.04"]
[EventDate "2021.03.04"]
[Round "4.173"]
[White "Donati Plutino, Francesco Rodolfo"]
[WhiteElo "993"]
[WhiteTeam "Desert Penguins Neptune"]
[Black "Avezbakiev, Tom"]
[BlackElo "1068"]
[BlackTeam "Maidenhead Juniors 4"]
[Result "1-0"]
[PlyCount "77"]

1. d4 d5 2. c4 dxc4 3. e3 Nf6 4. Bxc4 Nc6 5. Nc3 Bf5 6. Nf3 e6 7. O-O Bd6 8. a3 Ne4 9. Nxe4 Bxe4 10. b3 O-O 11. Bb2 Qf6 12. Bd3 Bxf3 13. Qxf3 Qh6 14. h3 e5 15. d5 Ne7 16. Qe4 g6 17. Bxe5 Bxe5 18. Qxe5 Rae8 19. Qxc7 Nxd5 20. Qxb7 Nc3 21. Qxa7 Rd8 22. Bc4 Kh8 23. a4 Rde8 24. Qd4+ Kg8 25. Qxc3 Rc8 26. a5 Rc5 27. a6 Rg5 28. Rfe1 Qxh3 29. Kf1 Qxg2+ 30. Ke2 Re8 31. Rg1 Qxg1 32. Rxg1 Rxg1 33. a7 Ra8 34. Qd4 h5 35. Bd5 Rg4 36. Qc5 Rxa7 37. Qxa7 h4 38. Qxf7+ Kh8 39. Qg8# 1-0

[Event "Junior Online 4NCL Division 5"]
[Site "online"]
[Date "2021.03.04"]
[EventDate "2021.03.04"]
[Round "4.174"]
[White "Sridhar, Siddarth Iyer"]
[WhiteElo "1057"]
[WhiteTeam "Maidenhead Juniors 4"]
[Black "Tsitos, Konstantinos"]
[BlackElo "738"]
[BlackTeam "Desert Penguins Neptune"]
[Result "1-0"]
[PlyCount "55"]

1. e4 c5 2. d4 cxd4 3. Qxd4 Nc6 4. Qd1 d6 5. Bb5 Bd7 6. Nf3 a6 7. Bc4 e6 8. Nc3 Nf6 9. Bg5 Be7 10. Bxf6 Bxf6 11. Qxd6 Be7 12. Qg3 Bf6 13. O-O-O O-O 14. e5 Be7 15. Bd3 Qc7 16. Qh3 h6 17. Rhe1 Rfc8 18. a3 Kf8 19. Qh5 Ke8 20. h4 Rcb8 21. Ng5 Bf8 22. Qxf7+ Kd8 23. Qxf8+ Be8 24. Nxe6+ Kc8 25. Nxc7 Kxc7 26. Qxg7+ Kc8 27. Bf5+ Bd7 28. Qxd7# 1-0

[Event "Junior Online 4NCL Division 5"]
[Site "online"]
[Date "2021.03.04"]
[EventDate "2021.03.04"]
[Round "4.175"]
[White "Bade, Susmita"]
[WhiteElo "1135"]
[WhiteTeam "Maidenhead Juniors 4"]
[Black "Nikolov, Alexander"]
[BlackElo "1525"]
[BlackTeam "Desert Penguins Neptune"]
[Result "0-1"]
[PlyCount "106"]

1. e4 c5 2. Nf3 d6 3. Bc4 Nf6 4. d3 a6 5. O-O e6 6. Bg5 b5 7. Bxe6 Bxe6 8. d4 Bc4 9. Re1 Be7 10. e5 dxe5 11. dxe5 Qxd1 12. Rxd1 Nd5 13. b3 Bxg5 14. Nxg5 Be2 15. Rxd5 c4 16. Nc3 Bg4 17. h3 Bf5 18. Rd2 h6 19. Nd5 Ra7 20. Nf3 Nc6 21. Rad1 O-O 22. Nh4 Be6 23. bxc4 bxc4 24. Nf3 Rd7 25. Nf4 Rxd2 26. Rxd2 c3 27. Rd6 Nd8 28. Nxe6 Nxe6 29. Rxa6 Rb8 30. Rc6 Nf4 31. Rxc3 Ne2+ 32. Kf1 Nxc3 33. Ke1 Nxa2 34. g4 Nb4 35. h4 Nxc2+ 36. Ke2 Re8 37. g5 hxg5 38. Nxg5 f6 39. Nh3 Rxe5+ 40. Kd3 Ne1+ 41. Kd2 Nf3+ 42. Kd3 Nxh4 43. Nf4 Kf7 44. Kd4 g5 45. Nd5 Nf3+ 46. Kc5 Ke6 47. Kc6 Rxd5 48. Kb7 Kd7 49. Kb6 Re5 50. Kb7 Rb5+ 51. Ka6 Kc6 52. Ka7 Rb1 53. Ka6 Ra1# 0-1

[Event "Junior Online 4NCL Division 5"]
[Site "online"]
[Date "2021.03.04"]
[EventDate "2021.03.04"]
[Round "4.176"]
[White "Xu, Owen"]
[WhiteElo "1480"]
[WhiteTeam "Desert Penguins Neptune"]
[Black "Anchan, Anirudh"]
[BlackElo "1086"]
[BlackTeam "Maidenhead Juniors 4"]
[Result "1-0"]
[PlyCount "161"]

1. d4 e6 2. c4 d5 3. Nc3 c6 4. e3 Bb4 5. a3 Bxc3+ 6. bxc3 Nf6 7. cxd5 exd5 8. Nf3 Bg4 9. h3 Bh5 10. Bd3 O-O 11. O-O Nbd7 12. Rb1 b5 13. Be2 Bg6 14. Ra1 Nb6 15. Ne5 Na4 16. Nxc6 Qc8 17. Bxb5 Nxc3 18. Qb3 Ne2+ 19. Kh1 Qe6 20. Ne5 Nxc1 21. Raxc1 Rab8 22. Nxg6 hxg6 23. Qd3 Qe4 24. Qxe4 dxe4 25. a4 Nd5 26. Bc6 Nb4 27. Bxe4 f5 28. Bf3 Rbc8 29. Rb1 Nd3 30. Be2 Nc5 31. dxc5 Rxc5 32. Rb7 Ra5 33. Bb5 a6 34. Bc4+ Kh7 35. Rb6 Rxa4 36. Bxa6 Rf6 37. Rxf6 gxf6 38. Bb5 Rb4 39. Bd3 f4 40. exf4 Rxf4 41. f3 Rd4 42. Be4 f5 43. Bc6 Rc4 44. Bb5 Rc2 45. Rb1 Kh6 46. Be8 Re2 47. Bb5 Re5 48. Kg1 g5 49. Kf2 Kh5 50. Be2 f4 51. Rb8 Kg6 52. Bd3+ Kf6 53. Be4 Ra5 54. Rb6+ Ke5 55. Rg6 Ra2+ 56. Kg1 Ra1+ 57. Kh2 Re1 58. Rxg5+ Kf6 59. Rf5+ Ke6 60. Rxf4 Ke5 61. Rf8 Kd4 62. h4 Rc1 63. h5 Rc7 64. h6 Ke5 65. h7 Rxh7+ 66. Bxh7 Ke6 67. Ra8 Ke5 68. Be4 Kf4 69. g3+ Kg5 70. g4 Kf4 71. Ra6 Kg5 72. Kh3 Kf4 73. Kh4 Ke5 74. g5 Kf4 75. g6 Ke5 76. g7 Kd4 77. g8=Q Ke3 78. Qg1+ Kf4 79. Ba8 Kf5 80. Qc5+ Kf4 81. Ra4# 1-0

[Event "Junior Online 4NCL Division 5"]
[Site "online"]
[Date "2021.03.04"]
[EventDate "2021.03.04"]
[Round "4.177"]
[White "Avezbakiev, Tom"]
[WhiteElo "1068"]
[WhiteTeam "Maidenhead Juniors 4"]
[Black "Donati Plutino, Francesco Rodolfo"]
[BlackElo "993"]
[BlackTeam "Desert Penguins Neptune"]
[Result "0-1"]
[PlyCount "132"]

1. e4 c5 2. Nf3 d6 3. Bc4 e6 4. Nc3 Nc6 5. d3 Nf6 6. Be3 Be7 7. O-O O-O 8. Nd2 Bd7 9. Qf3 a6 10. Qg3 g6 11. Bh6 Re8 12. Nf3 Bf8 13. Bg5 b5 14. Bb3 Nd4 15. Nxd4 cxd4 16. Ne2 a5 17. e5 dxe5 18. Qxe5 Bg7 19. a3 a4 20. Ba2 Bc6 21. Nxd4 Bd5 22. Nxb5 h6 23. Nc7 hxg5 24. Nxa8 Nh7 25. Qg3 Qxa8 26. Rfe1 Bxb2 27. Rab1 Bc3 28. Re2 Bxa2 29. Rd1 Bb2 30. d4 Bc4 31. Re3 Qa6 32. Rf3 Be2 33. Re1 Bxf3 34. Qxf3 Qa5 35. Re2 e5 36. d5 e4 37. Qe3 Qxd5 38. h3 Be5 39. g3 Qd1+ 40. Re1 Qxc2 41. Rc1 Qb2 42. Re1 Bd4 43. Qe2 Qxe2 44. Rxe2 Rc8 45. Rxe4 Rc1+ 46. Kg2 Rc4 47. Re8+ Kg7 48. h4 gxh4 49. gxh4 Bb2 50. Re3 Rxh4 51. Kg3 Rh5 52. Kg4 Rg5+ 53. Kh4 Rh5+ 54. Kg4 Bd4 55. Re4 Bxf2 56. Rxa4 Rh4+ 57. Kf3 Rxa4 58. Kxf2 Rxa3 59. Kg2 Ra4 60. Kg3 f5 61. Kh3 Rg4 62. Kh2 f4 63. Kh1 f3 64. Kh2 f2 65. Kh1 f1=Q+ 66. Kh2 Qg2# 0-1

[Event "Junior Online 4NCL Division 5"]
[Site "online"]
[Date "2021.03.04"]
[EventDate "2021.03.04"]
[Round "4.178"]
[White "Tsitos, Konstantinos"]
[WhiteElo "738"]
[WhiteTeam "Desert Penguins Neptune"]
[Black "Sridhar, Siddarth Iyer"]
[BlackElo "1057"]
[BlackTeam "Maidenhead Juniors 4"]
[Result "0-1"]
[PlyCount "46"]

1. d4 Nf6 2. c4 e5 3. Nf3 d6 4. e4 Nxe4 5. Bd3 Nf6 6. Bc2 Bg4 7. O-O Nc6 8. Be3 e4 9. Nfd2 Bxd1 10. Bxd1 d5 11. c5 h5 12. h3 Ng4 13. hxg4 hxg4 14. Bxg4 Qh4 15. Bh3 g5 16. Re1 g4 17. Kf1 gxh3 18. Ke2 Qg4+ 19. f3 Qxg2+ 20. Bf2 h2 21. Rg1 hxg1=Q 22. Nf1 Q1xf2+ 23. Kd1 Qgxf1# 0-1

[Event "Junior Online 4NCL Division 5"]
[Site "online"]
[Date "2021.03.04"]
[EventDate "2021.03.04"]
[Round "4.181"]
[White "Bradshaw, Sam"]
[WhiteElo "902"]
[WhiteTeam "JHJ Shark Tank 9"]
[Black "Karadkar, Aryan"]
[BlackElo "1390"]
[BlackTeam "Chess Challengers F"]
[Result "1-0"]
[PlyCount "99"]

1. e4 d5 2. exd5 Qxd5 3. Nc3 Qd8 4. d4 Nf6 5. Bf4 Bf5 6. Nf3 c6 7. Bc4 e6 8. O-O Bb4 9. d5 cxd5 10. Nb5 Na6 11. c3 dxc4 12. Qa4 Be7 13. Nc7+ Kf8 14. Nxa8 Qxa8 15. Rad1 Nc5 16. Qb5 Nd3 17. Qxc4 Nxb2 18. Qc7 Nxd1 19. Rxd1 Nd5 20. Qc4 Nxf4 21. Qxf4 g6 22. Qe5 f6 23. Qf4 g5 24. Qg3 b6 25. Nd4 Bg6 26. Qh3 e5 27. Qh6+ Ke8 28. Ne6 Bf5 29. Nc7+ Kf7 30. Nxa8 Bc2 31. Rd2 Rxa8 32. Rxc2 Rd8 33. g3 Bf8 34. Qxh7+ Ke6 35. Qh3+ Kf7 36. Qf5 Rd1+ 37. Kg2 a5 38. Re2 Bd6 39. Qh7+ Ke6 40. Qh3+ Kf7 41. Qd7+ Kg6 42. h4 gxh4 43. gxh4 b5 44. Qe6 b4 45. Re4 Kg7 46. Rg4+ Kf8 47. Rg5 fxg5 48. hxg5 bxc3 49. g6 c2 50. Qf7# 1-0

[Event "Junior Online 4NCL Division 5"]
[Site "online"]
[Date "2021.03.04"]
[EventDate "2021.03.04"]
[Round "4.183"]
[White "Broachi, Zain"]
[WhiteElo "894"]
[WhiteTeam "JHJ Shark Tank 9"]
[Black "Mukherjee, Abhijay"]
[BlackElo "1401"]
[BlackTeam "Chess Challengers F"]
[Result "1-0"]
[PlyCount "65"]

1. e4 e5 2. Nf3 Nc6 3. Bc4 h6 4. O-O Bc5 5. Nc3 Nf6 6. d3 d6 7. Nd5 Ng4 8. Be3 Nxe3 9. Nxe3 O-O 10. a3 Na5 11. b4 Nxc4 12. Nxc4 Bd4 13. Nxd4 exd4 14. e5 d5 15. Nb2 Re8 16. Re1 c6 17. c4 dxc4 18. Nxc4 b5 19. Nd6 Re6 20. Qf3 Ba6 21. Qxf7+ Kh8 22. Qxe6 Qc7 23. Re4 c5 24. Nf7+ Kh7 25. Qf5+ g6 26. Qf4 g5 27. Qf6 Kg8 28. e6 Bb7 29. Qxh6 Qxf7 30. exf7+ Kxf7 31. Re6 cxb4 32. Qf6+ Kg8 33. Re7 1-0

[Event "Junior Online 4NCL Division 5"]
[Site "online"]
[Date "2021.03.04"]
[EventDate "2021.03.04"]
[Round "4.184"]
[White "Rattani, Ehan"]
[WhiteElo "1386"]
[WhiteTeam "Chess Challengers F"]
[Black "Singh-Raj, Aryan"]
[BlackElo "858"]
[BlackTeam "JHJ Shark Tank 9"]
[Result "0-1"]
[PlyCount "102"]

1. e4 e5 2. Nf3 Nc6 3. Nc3 Bc5 4. Bc4 Nf6 5. O-O O-O 6. d3 d6 7. Bg5 Be6 8. Bb3 Bb4 9. Bxe6 fxe6 10. d4 exd4 11. Nxd4 Bxc3 12. bxc3 Nxd4 13. Qxd4 e5 14. Qc4+ d5 15. exd5 Qxd5 16. Qxc7 Rfc8 17. Qe7 Qf7 18. Qxe5 Ng4 19. Qg3 h5 20. h3 Nf6 21. Rfe1 Rc6 22. Re3 Re8 23. Rf3 Ree6 24. Bh6 Ne4 25. Rxf7 Nxg3 26. Rxg7+ Kf8 27. Rg4+ Ke8 28. Rxg3 Rxh6 29. Re1+ Rce6 30. Rb1 h4 31. Rg8+ Kf7 32. Rb8 Rb6 33. Re1 Rhc6 34. Rbe8 Rxc3 35. R8e7+ Kf6 36. Rc7 Rxc7 37. f3 Rxc2 38. a4 Re6 39. Rb1 b6 40. g4 Ree2 41. f4 Rg2+ 42. Kf1 Rcf2+ 43. Ke1 Rxf4 44. Kd1 Rg1+ 45. Ke2 Rxb1 46. Ke3 Rxa4 47. Kd2 Rb3 48. Kc1 Rxh3 49. Kc2 Rxg4 50. Kb2 Rg2+ 51. Kc1 Rh1# 0-1

[Event "Junior Online 4NCL Division 5"]
[Site "online"]
[Date "2021.03.04"]
[EventDate "2021.03.04"]
[Round "4.185"]
[White "Karadkar, Aryan"]
[WhiteElo "1390"]
[WhiteTeam "Chess Challengers F"]
[Black "Bradshaw, Sam"]
[BlackElo "902"]
[BlackTeam "JHJ Shark Tank 9"]
[Result "0-1"]
[PlyCount "50"]

1. e4 e5 2. Nf3 Nc6 3. c3 Nf6 4. d4 d5 5. dxe5 dxe4 6. Qxd8+ Nxd8 7. exf6 exf3 8. gxf3 gxf6 9. Bb5+ c6 10. Bc4 Ne6 11. Be3 Bc5 12. Bxc5 Nxc5 13. Nd2 Be6 14. O-O-O O-O-O 15. f4 b5 16. Bxe6+ fxe6 17. Nb3 Nd3+ 18. Kc2 Nxf2 19. Rxd8+ Rxd8 20. Re1 Nd3 21. Rxe6 Nxf4 22. Rxf6 Nd5 23. Rxc6+ Kb7 24. Rh6 Ne3+ 25. Kc1 Rd1# 0-1

[Event "Junior Online 4NCL Division 5"]
[Site "online"]
[Date "2021.03.04"]
[EventDate "2021.03.04"]
[Round "4.186"]
[White "Bradshaw, Cleo"]
[WhiteElo "974"]
[WhiteTeam "JHJ Shark Tank 9"]
[Black "Khandelwal, Ritisha"]
[BlackElo "1400"]
[BlackTeam "Chess Challengers F"]
[Result "1-0"]
[PlyCount "53"]

1. e4 d5 2. Nc3 Nf6 3. Nf3 dxe4 4. Ne5 Nd5 5. Nxe4 Bf5 6. Ng3 Be6 7. Bc4 g6 8. Ne4 Bg7 9. Nd3 f5 10. Nec5 Qd6 11. Nxe6 Qxe6+ 12. Qe2 Qxe2+ 13. Kxe2 Nb6 14. Bb3 Nc6 15. Re1 Nd4+ 16. Kf1 Nxb3 17. axb3 O-O-O 18. Rxa7 Nd5 19. Nc5 Kb8 20. Rxb7+ Kc8 21. c4 Nf4 22. d3 Bd4 23. Bxf4 Bxc5 24. Rxc7+ Kb8 25. Rxc5+ Ka7 26. Rxe7+ Ka8 27. Ra5# 1-0

[Event "Junior Online 4NCL Division 5"]
[Site "online"]
[Date "2021.03.04"]
[EventDate "2021.03.04"]
[Round "4.187"]
[White "Mukherjee, Abhijay"]
[WhiteElo "1401"]
[WhiteTeam "Chess Challengers F"]
[Black "Broachi, Zain"]
[BlackElo "894"]
[BlackTeam "JHJ Shark Tank 9"]
[Result "0-1"]
[PlyCount "92"]

1. e4 e5 2. Nf3 Nc6 3. Bc4 Nf6 4. d3 Bc5 5. h3 O-O 6. O-O d6 7. Ng5 h6 8. Nxf7 Rxf7 9. Bxf7+ Kxf7 10. Nc3 Qh8 11. Nd5 Nxd5 12. exd5 Nd4 13. Be3 Kg8 14. Bxd4 Bxd4 15. c3 Bb6 16. d4 exd4 17. cxd4 c5 18. dxc5 dxc5 19. d6 Bf5 20. Qd5+ Kh7 21. Qxf5+ g6 22. Qd3 Rf8 23. Rfd1 Qf6 24. Rf1 c4 25. Qd2 Qg7 26. d7 Qe7 27. Rad1 Rd8 28. Rfe1 Qf8 29. Re2 Qf7 30. Rde1 c3 31. bxc3 Rxd7 32. Qxd7 Qxd7 33. Re3 Bxe3 34. Rxe3 Qd1+ 35. Kh2 Qd2 36. Re7+ Kg8 37. Rxb7 Qxa2 38. f3 a5 39. Rb8+ Kf7 40. Rc8 a4 41. c4 a3 42. c5 Qe6 43. c6 Qxc8 44. g4 Qxc6 45. h4 a2 46. Kg3 a1=Q 0-1

[Event "Junior Online 4NCL Division 5"]
[Site "online"]
[Date "2021.03.04"]
[EventDate "2021.03.04"]
[Round "4.188"]
[White "Singh-Raj, Aryan"]
[WhiteElo "858"]
[WhiteTeam "JHJ Shark Tank 9"]
[Black "Rattani, Ehan"]
[BlackElo "1386"]
[BlackTeam "Chess Challengers F"]
[Result "0-1"]
[PlyCount "66"]

1. e4 e5 2. d4 exd4 3. c3 dxc3 4. Bc4 cxb2 5. Bxb2 Nf6 6. Nc3 Bc5 7. Nf3 d6 8. O-O Ng4 9. Nd2 Bxf2+ 10. Rxf2 Nxf2 11. Kxf2 Qf6+ 12. Qf3 Qh4+ 13. Qg3 Qh6 14. Nf3 O-O 15. Nh4 Qd2+ 16. Kf3 Qxb2 17. Qe1 Qb6 18. e5 Nc6 19. exd6 cxd6 20. Nd5 Qc5 21. Bb3 Nd4+ 22. Kg3 Nxb3 23. Ne7+ Kh8 24. axb3 Qg5+ 25. Kf2 Qxh4+ 26. g3 Qf6+ 27. Kg2 Re8 28. Ng6+ hxg6 29. Qxe8+ Kh7 30. Rf1 Qb2+ 31. Kh1 a6 32. Qxf7 Bh3 33. Rf4 Qg2# 0-1

[Event "Junior Online 4NCL Division 5"]
[Site "online"]
[Date "2021.03.04"]
[EventDate "2021.03.04"]
[Round "4.191"]
[White "Szajman, Adam"]
[WhiteElo "998"]
[WhiteTeam "Edgware Gambits H"]
[Black "Wilkinson, Bernard"]
[BlackElo "1105"]
[BlackTeam "Cambridge Chess & Go C"]
[Result "0-1"]
[PlyCount "72"]

1. d4 d5 2. c4 Nf6 3. cxd5 Qxd5 4. e4 Qxe4+ 5. Be2 Qxg2 6. Bf3 Qg6 7. Be2 Bh3 8. Bd3 Bf5 9. Nf3 Bxd3 10. Rg1 Qe4+ 11. Be3 e6 12. Nc3 Bb4 13. Nd2 Bc2 14. Ndxe4 Bxd1 15. Nxf6+ gxf6 16. Kxd1 Bxc3 17. bxc3 Nc6 18. Bf4 Rc8 19. Rb1 b6 20. Bh6 Ke7 21. Kc2 a5 22. Bg7 Rhg8 23. Rg2 Rcd8 24. Rbg1 Rge8 25. Bh6 e5 26. dxe5 fxe5 27. Bg5+ f6 28. Bh4 Ke6 29. Rg7 Rd6 30. Rxh7 Red8 31. Rxc7 Rd2+ 32. Kb3 a4+ 33. Kxa4 Ra8+ 34. Kb3 Na5+ 35. Kb4 Rb2+ 36. Ka3 Nc4# 0-1

[Event "Junior Online 4NCL Division 5"]
[Site "online"]
[Date "2021.03.04"]
[EventDate "2021.03.04"]
[Round "4.192"]
[White "Syposz, Iza"]
[WhiteElo "1007"]
[WhiteTeam "Cambridge Chess & Go C"]
[Black "Bagchi, Aadi"]
[BlackElo "995"]
[BlackTeam "Edgware Gambits H"]
[Result "0-1"]
[PlyCount "102"]

1. e4 e5 2. Nf3 Nf6 3. Bc4 Nxe4 4. d3 Nd6 5. Nxe5 Nxc4 6. dxc4 Qe7 7. Bf4 d6 8. Qe2 dxe5 9. Bxe5 Nc6 10. Bc3 Qxe2+ 11. Kxe2 Bc5 12. Bxg7 Rg8 13. Bc3 Rxg2 14. Kf1 Rxf2+ 15. Ke1 Rxc2 16. Na3 Rf2 17. Rf1 Rxf1+ 18. Kxf1 Bf5 19. Re1+ Kd7 20. Nb5 Rg8 21. Ke2 Re8+ 22. Kd1 Rxe1+ 23. Kxe1 Nb4 24. a3 Nc2+ 25. Kd2 Nd4 26. Bxd4 Bxd4 27. Nxd4 Be6 28. b4 Bxc4 29. Kc3 Be6 30. Nb5 a6 31. Nd4 b5 32. h4 h5 33. Nf3 Kd6 34. Ng5 Ke5 35. Nf3+ Kf4 36. Ng5 Kg4 37. Ne4 Kxh4 38. Nc5 Kg5 39. Nxa6 h4 40. Nc5 h3 41. Ne4+ Kf4 42. Nf2 Kg3 43. Nh1+ Kg2 44. Nf2 Kxf2 45. Kd4 h2 46. Kc5 Bd7 47. Kd5 h1=Q+ 48. Kc5 Be6 49. Kxb5 Qd5+ 50. Ka6 Bc8+ 51. Ka7 Qb7# 0-1

[Event "Junior Online 4NCL Division 5"]
[Site "online"]
[Date "2021.03.04"]
[EventDate "2021.03.04"]
[Round "4.193"]
[White "Illingworth-Law, Oscar"]
[WhiteElo "969"]
[WhiteTeam "Edgware Gambits H"]
[Black "Mole, Tommy"]
[BlackElo "1000"]
[BlackTeam "Cambridge Chess & Go C"]
[Result "1-0"]
[PlyCount "57"]

1. e4 e5 2. Nf3 Nc6 3. d4 exd4 4. Nxd4 Nf6 5. Nxc6 dxc6 6. Qxd8+ Kxd8 7. Nc3 Bb4 8. Bg5 Bxc3+ 9. bxc3 h6 10. Bh4 g5 11. Bg3 Nxe4 12. Be5 Re8 13. O-O-O+ Bd7 14. Bd4 c5 15. f3 cxd4 16. fxe4 dxc3 17. g3 Rxe4 18. Bg2 Rb4 19. a3 Rb6 20. Bh3 Rd6 21. Bxd7 Rxd7 22. Rdf1 b5 23. Rf3 c6 24. Rxc3 Rc8 25. Rf1 a6 26. Rf6 Re7 27. Rd3+ Ke8 28. Rxh6 Rd8 29. Rh8# 1-0

[Event "Junior Online 4NCL Division 5"]
[Site "online"]
[Date "2021.03.04"]
[EventDate "2021.03.04"]
[Round "4.194"]
[White "Vysohlid, Peter"]
[WhiteElo "886"]
[WhiteTeam "Cambridge Chess & Go C"]
[Black "Patel, Kamran"]
[BlackElo "952"]
[BlackTeam "Edgware Gambits H"]
[Result "1-0"]
[PlyCount "31"]

1. e4 e5 2. Nf3 Nc6 3. Bb5 Be7 4. Bxc6 dxc6 5. Nc3 Nf6 6. O-O Bd6 7. d4 exd4 8. Nxd4 O-O 9. Re1 Bc5 10. Be3 Re8 11. Nb3 Qxd1 12. Rexd1 Bxe3 13. fxe3 Nxe4 14. Nxe4 Rxe4 15. Rd8+ Re8 16. Rxe8# 1-0

[Event "Junior Online 4NCL Division 5"]
[Site "online"]
[Date "2021.03.04"]
[EventDate "2021.03.04"]
[Round "4.195"]
[White "Wilkinson, Bernard"]
[WhiteElo "1105"]
[WhiteTeam "Cambridge Chess & Go C"]
[Black "Szajman, Adam"]
[BlackElo "998"]
[BlackTeam "Edgware Gambits H"]
[Result "0-1"]
[PlyCount "128"]

1. e4 e6 2. Bc4 d5 3. exd5 exd5 4. Qe2+ Be7 5. Bd3 Qd6 6. Nf3 Qe6 7. O-O Qxe2 8. Bxe2 Bf5 9. d3 Nf6 10. Nd4 Bg4 11. Bxg4 Nxg4 12. h3 Ne5 13. Re1 Nec6 14. Nxc6 Nxc6 15. Nc3 Nb4 16. Re2 d4 17. Nb5 Kd7 18. a3 Nc6 19. Bf4 Rac8 20. Rae1 Bd6 21. Bxd6 cxd6 22. b3 Rce8 23. Nc7 Rxe2 24. Rxe2 Kxc7 25. b4 Kd7 26. b5 Nd8 27. f4 Re8 28. Rxe8 Kxe8 29. Kf2 Ne6 30. Kf3 Kd7 31. Ke4 Kc7 32. f5 Nc5+ 33. Kxd4 Na4 34. Kc4 g6 35. f6 Kb6 36. d4 Nb2+ 37. Kb3 Nd1 38. c4 Ne3 39. Kc3 Nxg2 40. Kb4 Nf4 41. a4 Nxh3 42. a5+ Kc7 43. c5 dxc5+ 44. dxc5 h5 45. b6+ axb6 46. cxb6+ Kb8 47. Kb5 Nf4 48. a6 bxa6+ 49. Kxa6 Nd5 50. b7 Nxf6 51. Kb6 h4 52. Kc6 h3 53. Kd6 h2 54. Kc6 h1=Q+ 55. Kc5 Qxb7 56. Kd4 g5 57. Ke5 g4 58. Kxf6 g3 59. Kf5 g2 60. Kf4 g1=Q 61. Kf5 Qb5+ 62. Kf6 Qgb6+ 63. Kxf7 Qd7+ 64. Kg8 Qbd8# 0-1

[Event "Junior Online 4NCL Division 5"]
[Site "online"]
[Date "2021.03.04"]
[EventDate "2021.03.04"]
[Round "4.196"]
[White "Bagchi, Aadi"]
[WhiteElo "995"]
[WhiteTeam "Edgware Gambits H"]
[Black "Syposz, Iza"]
[BlackElo "1007"]
[BlackTeam "Cambridge Chess & Go C"]
[Result "1-0"]
[PlyCount "69"]

1. e4 e5 2. Nf3 Nf6 3. Nxe5 Nxe4 4. Qe2 Ng5 5. Nc6+ Qe7 6. Nxe7 Bxe7 7. d3 Nc6 8. Bxg5 O-O 9. Bxe7 Nxe7 10. Qxe7 h6 11. Nc3 d6 12. O-O-O Bg4 13. f3 Be6 14. Qxc7 Rad8 15. Qxb7 Rb8 16. Qxa7 Ra8 17. Qd4 Bxa2 18. Nxa2 Rxa2 19. Qxd6 Raa8 20. d4 Rad8 21. Qe5 f6 22. Qe6+ Rf7 23. Bc4 Rf8 24. Qxf7+ Rxf7 25. Bxf7+ Kxf7 26. Rde1 g5 27. Re2 f5 28. d5 f4 29. d6 h5 30. Rf2 Ke8 31. d7+ Kxd7 32. Rd2+ Ke7 33. Rhd1 Kf6 34. Rd6+ Kf5 35. R1d5# 1-0

[Event "Junior Online 4NCL Division 5"]
[Site "online"]
[Date "2021.03.04"]
[EventDate "2021.03.04"]
[Round "4.197"]
[White "Mole, Tommy"]
[WhiteElo "1000"]
[WhiteTeam "Cambridge Chess & Go C"]
[Black "Illingworth-Law, Oscar"]
[BlackElo "969"]
[BlackTeam "Edgware Gambits H"]
[Result "0-1"]
[PlyCount "40"]

1. e4 e5 2. Nf3 Nc6 3. Nc3 Nf6 4. d3 d6 5. Bg5 Be7 6. Bxf6 Bxf6 7. Be2 Bg4 8. O-O O-O 9. h3 Bh5 10. g4 Bg6 11. h4 Bxh4 12. Nxh4 Qxh4 13. Kg2 f5 14. gxf5 Bxf5 15. exf5 Rxf5 16. Rh1 Rg5+ 17. Bg4 Rxg4+ 18. Kf3 Nd4+ 19. Ke3 Qg5+ 20. f4 Qxf4# 0-1

[Event "Junior Online 4NCL Division 5"]
[Site "online"]
[Date "2021.03.04"]
[EventDate "2021.03.04"]
[Round "4.198"]
[White "Patel, Kamran"]
[WhiteElo "952"]
[WhiteTeam "Edgware Gambits H"]
[Black "Vysohlid, Peter"]
[BlackElo "886"]
[BlackTeam "Cambridge Chess & Go C"]
[Result "0-1"]
[PlyCount "52"]

1. d4 Nf6 2. Nf3 g6 3. Bf4 d5 4. e3 Nc6 5. Bd3 Bg7 6. c3 O-O 7. Nbd2 Bf5 8. Bxf5 gxf5 9. O-O e6 10. Ne5 Nxe5 11. Bxe5 b6 12. h3 c5 13. dxc5 bxc5 14. Nb3 Ne8 15. Bxg7 Nxg7 16. Nxc5 Rc8 17. Na6 e5 18. Nb4 f4 19. exf4 exf4 20. Nxd5 Qg5 21. Qf3 Rcd8 22. Nxf4 Ne6 23. Nxe6 fxe6 24. Qe2 Kh8 25. Qxe6 Rg8 26. Qa6 Qxg2# 0-1

[Event "Junior Online 4NCL Division 5"]
[Site "online"]
[Date "2021.03.04"]
[EventDate "2021.03.04"]
[Round "4.201"]
[White "Varea, Benjamin"]
[WhiteElo "1278"]
[WhiteTeam "Dragon Kings 1"]
[Black "Querfurth Waterman, Tal"]
[BlackElo "858"]
[BlackTeam "Eden Primary Bishops"]
[Result "1-0"]
[PlyCount "89"]

1. e4 e5 2. Nf3 Nc6 3. Nc3 Nf6 4. Bc4 h6 5. d3 d6 6. h3 Be7 7. Be3 Bf8 8. O-O Qe7 9. Nd5 Nxd5 10. Bxd5 Bd7 11. Rb1 Qd8 12. b4 Ne7 13. Bxb7 Rb8 14. Ba6 Bc8 15. Bxc8 Qxc8 16. Bxa7 Ra8 17. Be3 Rxa2 18. c4 Qb8 19. Qb3 Ra8 20. Ra1 Nc8 21. b5 Be7 22. d4 O-O 23. dxe5 dxe5 24. Nxe5 Rxa1 25. Rxa1 c5 26. Nd7 Qb7 27. Nxf8 Kxf8 28. e5 Kg8 29. Rd1 Qa7 30. Qd3 Qc7 31. Qd7 Qxd7 32. Rxd7 Bh4 33. g3 Be7 34. Rc7 Nb6 35. Rxe7 Nxc4 36. Re8+ Kh7 37. Bxc5 Nd2 38. b6 Nf3+ 39. Kh1 f5 40. exf6 g5 41. f7 g4 42. f8=Q h5 43. Qf7+ Kh6 44. Rh8+ Kg5 45. Be7# 1-0

[Event "Junior Online 4NCL Division 5"]
[Site "online"]
[Date "2021.03.04"]
[EventDate "2021.03.04"]
[Round "4.202"]
[White "Marks, Rory"]
[WhiteElo "914"]
[WhiteTeam "Eden Primary Bishops"]
[Black "Schmidt, Eoin"]
[BlackElo "1045"]
[BlackTeam "Dragon Kings 1"]
[Result "1/2-1/2"]
[PlyCount "74"]

1. e4 c5 2. Nf3 Nc6 3. Bc4 e6 4. Nc3 Nf6 5. O-O d5 6. exd5 exd5 7. Bb5 Bd7 8. Bxc6 Bxc6 9. Re1+ Be7 10. Ne5 O-O 11. Nxc6 bxc6 12. Qe2 Re8 13. Qd1 d4 14. Ne4 Nxe4 15. Rxe4 Bd6 16. Rxe8+ Qxe8 17. d3 Qe5 18. g3 h6 19. Bf4 Qe6 20. Bxd6 Qxd6 21. Qf3 Rb8 22. Rb1 a5 23. a4 Qe6 24. b3 c4 25. dxc4 c5 26. c3 dxc3 27. Qxc3 Qg6 28. Rb2 Qe4 29. Qxa5 Qd3 30. b4 cxb4 31. Rxb4 Qd1+ 32. Kg2 Re8 33. c5 Qd5+ 34. Kh3 Qh5+ 35. Kg2 Qd5+ 36. Kh3 Qh5+ 37. Kg2 Qd5+ 1/2-1/2

[Event "Junior Online 4NCL Division 5"]
[Site "online"]
[Date "2021.03.04"]
[EventDate "2021.03.04"]
[Round "4.203"]
[White "Varea, Gabriel"]
[WhiteElo "955"]
[WhiteTeam "Dragon Kings 1"]
[Black "Zabary, Yoav"]
[BlackElo "929"]
[BlackTeam "Eden Primary Bishops"]
[Result "1-0"]
[PlyCount "29"]

1. e4 e5 2. Nf3 Nc6 3. Bb5 Nf6 4. Bxc6 dxc6 5. d3 Bc5 6. O-O Bg4 7. h3 Bxf3 8. Qxf3 Qd4 9. Nd2 Qd7 10. Nb3 Bb6 11. Be3 Bxe3 12. Qxe3 O-O-O 13. Qxa7 Qe6 14. Nc5 Qe7 15. Qxb7# 1-0

[Event "Junior Online 4NCL Division 5"]
[Site "online"]
[Date "2021.03.04"]
[EventDate "2021.03.04"]
[Round "4.204"]
[White "Groshong, Olivia"]
[WhiteElo "850"]
[WhiteTeam "Eden Primary Bishops"]
[Black "Tipton, Oliver"]
[BlackElo "880"]
[BlackTeam "Dragon Kings 1"]
[Result "0-1"]
[PlyCount "120"]

1. e4 e5 2. Nf3 d6 3. d3 Nf6 4. h3 Be7 5. d4 exd4 6. Nxd4 O-O 7. Bc4 Nxe4 8. Nc3 Nxc3 9. bxc3 d5 10. Bb3 Bc5 11. Qf3 Re8+ 12. Be3 Nc6 13. Bxd5 Bxd4 14. cxd4 Nxd4 15. Qh5 Nxc2+ 16. Kd1 Nxa1 17. Qxf7+ Kh8 18. Bd4 Rg8 19. Kd2 Qg5+ 20. Be3 Qxg2 21. Rxa1 Qxh3 22. Bd4 Qh6+ 23. Be3 Qh4 24. Rc1 Qb4+ 25. Ke2 Rf8 26. Qxc7 Qb5+ 27. Bc4 Qh5+ 28. f3 Qxf3+ 29. Kd2 Qg2+ 30. Kd3 Bf5+ 31. Kd4 Rad8+ 32. Kc5 b6+ 33. Kb5 Qb2+ 34. Ka4 Bd7+ 35. Bb5 Qxb5+ 36. Ka3 Qa5+ 37. Kb2 Qb5+ 38. Kc2 Bf5+ 39. Kc3 Qd3+ 40. Kb4 a5+ 41. Ka4 Bd7+ 42. Qxd7 Rxd7 43. Bxb6 Rd4+ 44. Kxa5 Ra8+ 45. Ba7 Rxa7+ 46. Kb6 Qc3 47. Rxc3 Ra8 48. Kb7 Rf8 49. Rc1 h5 50. Ra1 h4 51. a4 h3 52. a5 h2 53. a6 Ra4 54. Rxa4 h1=Q+ 55. Kb6 Rf6+ 56. Kb5 Qh5+ 57. Kb4 Rf4+ 58. Kb3 Qh3+ 59. Kc2 Rf2+ 60. Kd1 Qh1# 0-1